000 00695nam a2200241 i 4500
001 C2-0117097
003 PPAK
005 20180727110307.0
008 970722s1994 nyua|||| ||||| | eng d
020 _a0671864416
040 _aPPAK
_beng
_cPPAK
_erda
082 0 4 _a158.1
_223
090 0 0 _a158.1
_bCOV
_dG
100 1 _aCovey, Stephen R.,
_eauthor
245 1 0 _aFirst thing first :
_bto live, to love, to learn, to leave a legacy.
264 1 _aNew York :
_bSimon & Schuster ,
_c1994
300 _a360 pages :
_billustrations ;
_c24 cm
336 _2rdacontent
_atext
337 _2rdamedia
_aunmediated
338 _2rdacarrier
_avolume
650 1 0 _aConduct of life.
942 _ddc
_cB
999 _c31164
_d31164